000 00530nam a22001937a 4500
003 0
005 20240923105101.0
008 240923b xxu||||| |||| 00| 0 eng d
020 _a978-81-19920-72-3
050 _aPN 51
_b.W75 2024
100 _aWright, Naoki
245 _aLiterature and culture
_cWright, Naoki
260 _aNew Delhi India
_bVenus books
_cC2024
300 _aix, 272p. :
_c24cm.
500 _aLiterature.
500 _aCulture.
650 _aInclude bibliographical references and index.
942 _2lcc
_cBK
999 _c366328
_d366328